000 00953cai a22001815a 4500
001 L140190
008 070911u xxk f 000 0 eng d
035 _a(Sirsi) u140190
041 0 _aeng
110 2 _aNational Specialist Contractors Council
_94301
245 0 0 _aFair payment campaign
_h[electronic resource]
520 _aWeb page for the NSCC's Fair Payment Campaign, which calls for correct and punctual payment throughout the construction supply chain. The campaign's three key objectives are certainty of payment, 30 day payment, and removal of retentions. The web page includes guidance notes on these areas, news, and an area for supporters to sign up to the campaign.
590 _aKA
651 4 _aUnited Kingdom
_y
690 _aBUILT ENVIRONMENT-CONSTRUCTION MANAGEMENT-BUILDING CONTRACT ADMINISTRATION
856 4 0 _uhttps://www.nscc.org.uk/guidance/fair-payment.html
_zView the website free of charge at www.nscc.org.uk...
942 _n0
999 _c120627
_d120627